000 00501nam a2200181Ia 4500
001 13244
005 20260306163039.0
008 260306t2005||||xx |||||||||||||| ||spa||
041 _aESP
082 _a001.42
_bG23
100 _aGarcía-Córdoba, Fernando
_eAUT
245 0 _aLa investigación tecnológica:
_binvestigar, idear e innovar en ingenierías y ciencias sociales
260 _c2005
300 _a454 páginas :
_c23 cm.
650 _aGEN
654 _aCHU
942 _cLIB
_dJUS
_fJUS
_2ddc
_n
999 _c13244
_d13244